| 000 -LEADER |
| fixed length control field |
nam a22 a 4500 |
| 003 - CONTROL NUMBER IDENTIFIER |
| control field |
AKMAL |
| 005 - DATE AND TIME OF LATEST TRANSACTION |
| control field |
20170504122114.0 |
| 008 - FIXED-LENGTH DATA ELEMENTS--GENERAL INFORMATION |
| fixed length control field |
170504s2004 my e 000 0 may d |
| 020 ## - INTERNATIONAL STANDARD BOOK NUMBER |
| International Standard Book Number |
9831921712 (kkt.) : |
| Terms of availability |
RM19.50 |
| 039 #9 - LEVEL OF BIBLIOGRAPHIC CONTROL AND CODING DETAIL [OBSOLETE] |
| Level of rules in bibliographic description |
201401031033 |
| Level of effort used to assign nonsubject heading access points |
w_saiful |
| Level of effort used to assign subject headings |
200903311230 |
| Level of effort used to assign classification |
kik3856 |
| Level of effort used to assign subject headings |
200602100935 |
| Level of effort used to assign classification |
suhana |
| Level of effort used to assign subject headings |
200602071143 |
| Level of effort used to assign classification |
izzat |
| 040 ## - CATALOGING SOURCE |
| Original cataloging agency |
AKMAL |
| Transcribing agency |
AKMAL |
| 049 ## - LOCAL HOLDINGS (OCLC) |
| Holding library |
mal |
| 082 04 - DEWEY DECIMAL CLASSIFICATION NUMBER |
| Classification number |
155.2 SHA |
| Edition number |
22 |
| 090 00 - LOCALLY ASSIGNED LC-TYPE CALL NUMBER (OCLC); LOCAL CALL NUMBER (RLIN) |
| Classification number (OCLC) (R) ; Classification number, CALL (RLIN) (NR) |
155.2 |
| Local cutter number (OCLC) ; Book number/undivided call number, CALL (RLIN) |
SHA |
| 090 20 - LOCALLY ASSIGNED LC-TYPE CALL NUMBER (OCLC); LOCAL CALL NUMBER (RLIN) |
| Classification number (OCLC) (R) ; Classification number, CALL (RLIN) (NR) |
155.2 |
| Local cutter number (OCLC) ; Book number/undivided call number, CALL (RLIN) |
SHA |
| 100 0# - MAIN ENTRY--PERSONAL NAME |
| Personal name |
Shahabuddin Hashim, |
| Titles and words associated with a name |
Dr |
| 9 (RLIN) |
1316 |
| 245 10 - TITLE STATEMENT |
| Title |
Teori personaliti dari perspektif Islam, timur & barat / |
| Statement of responsibility, etc. |
Shahabuddin Hashim, Rohizani Yaakub |
| 250 ## - EDITION STATEMENT |
| Edition statement |
Ed. kemas kini |
| 260 ## - PUBLICATION, DISTRIBUTION, ETC. |
| Place of publication, distribution, etc. |
Bentong, Pahang : |
| Name of publisher, distributor, etc. |
PTS Publications & Distributors, |
| Date of publication, distribution, etc. |
2004 |
| 300 ## - PHYSICAL DESCRIPTION |
| Extent |
v, 166ms. ; |
| Dimensions |
23cm. |
| 440 #0 - SERIES STATEMENT/ADDED ENTRY--TITLE |
| Title |
Siri psikologi |
| 9 (RLIN) |
1317 |
| 504 ## - BIBLIOGRAPHY, ETC. NOTE |
| Bibliography, etc. note |
Bibliografi: ms. [163]-166 |
| 650 10 - SUBJECT ADDED ENTRY--TOPICAL TERM |
| Topical term or geographic name entry element |
Personality |
| General subdivision |
Religious aspects |
| -- |
Islam |
| 9 (RLIN) |
1318 |
| 650 20 - SUBJECT ADDED ENTRY--TOPICAL TERM |
| Topical term or geographic name entry element |
Identity (Psychology) |
| General subdivision |
Religious aspects |
| -- |
Islam |
| 9 (RLIN) |
1319 |
| 700 0# - ADDED ENTRY--PERSONAL NAME |
| Personal name |
Rohizani Yaakub |
| 9 (RLIN) |
1320 |
| 942 ## - ADDED ENTRY ELEMENTS (KOHA) |
| Source of classification or shelving scheme |
|
| Koha item type |
Book |